Normal view
MARC view
- 1. Chiesa -Storia
Entry Personal Name
001 - CONTROL NUMBER
- control field: 28202
003 - CONTROL NUMBER IDENTIFIER
- control field: IT-RoPau
005 - DATE AND TIME OF LATEST TRANSACTION
- control field: 20140603164428.0
008 - FIXED-LENGTH DATA ELEMENTS
- fixed length control field: 140603|| aca||aabn | a|a d
040 ## - CATALOGING SOURCE
- Original cataloging agency: IT-RoPau
- Transcribing agency: IT-RoPau
100 ## - HEADING--PERSONAL NAME
- Personal name: 1. Chiesa -Storia
670 ## - SOURCE DATA FOUND
- Source citation: Work cat.: (IT-RoPau)14016: Daniel Rops 28201, Histoire de l’Eglise du Christ